000 01077nam a2200325 i 4500
001 bg
100 1 _aIMIELIŃSKA, Krystyna
245 1 0 _aDegradation and damage of advanced laminate polymer composites due to environmental effects and low velocity impact /
_cKrystyna Imielińska.
260 _aGdańsk :
_bWydawnictwo Politechniki Gdańskiej,
_c2005.
300 _a129, [1] s. :
_bil. ;
_c24 cm.
490 1 _aMonografie / Politechnika Gdańska ;
_v63
500 _aStreszcz. pol.
504 _aBibliogr. s. 116-125.
650 9 _aKompozyty
_xmechanika
650 9 _aLaminaty
_xmechanika
650 9 _aNaprężenia i odkształcenia
650 9 _aPękanie
_xmechanika
650 9 _aPolimery
650 9 _aStatki
_xmateriały
650 9 _aWytrzymałość materiałów
830 0 _aMonografie (Politechnika Gdańska) ;
_v63
015 _aPB 6952/2006
020 _a8373481338
040 _cBPK
041 0 _aeng
_bpol
080 _a678.7:620.17:620.2:539.3/.4:629.5
920 _a83-7348-133-8
942 _cKS
008 s pl f |000 0 pol
999 _c52300
_d52300
856 _uhttp://koha.tu.koszalin.pl/cgi-bin/koha/opac-detail.pl?biblionumber=52300
_yKatalog online BPK